"French" Things #2 - Statistics

General Stats
  • This quiz has been taken 23 times
  • The average score is 11 of 18
Answer Stats
Hint Answer % Correct
Mountain chain whose highest peak is Mont Blanc French Alps
96%
One of the four Grand Slam Tennis tournaments French Open
96%
Sliced bread soaked in eggs and milk and then fried French toast
96%
Le fromage, central dairy item in France that comes in many varieties French cheese
83%
Oldest neighborhood in New Orleans French Quarter
83%
Ethnic and linguistic group identified with Quebec French Canadians
74%
Special military corps of France manned by many different nationalities French Foreign Legion
74%
Curly-haired national dog breed of France French Poodle
74%
Ice cream variety which is a take on the plainest ice cream flavour French vanilla
74%
Collective name for guerilla fighters against Nazi occupation of France French Resistance
70%
Former global possessions of France as a whole French Colonial Empire
57%
Withdrawing from a location or an event without notifying others French Leave
48%
Small manual coffee brewing device French press
48%
Avant-garde film movement in 1950s-1960s France French New Wave
39%
Hairstyle with the hair plaited close to the scalp French braid
30%
A 2021 movie directed by Wes Anderson The French Dispatch
30%
US rapper whose name means "Francophone protagonist of Scarface" French Montana
26%
Exhaling smoke through the mouth while breathing it back through the nose French inhale
13%
No matching quizzes found
Score Distribution
Percent of People with Each Score
Percentile by Number Answered
Your Score History
You have not taken this quiz